Statistics for Longest Country Name A-Z

Click here to take the quiz!

General Stats

  • This quiz has been taken 32,147 times
    (31,502 since last reset)
  • The average score is 14 of 24

Answer Stats

LetterLengthCountry% Correct
Y5Yemen
90%
O4Oman
88%
Z8Zimbabwe
88%
Q5Qatar
87%
D28Democratic Republic of the Congo
76%
K10Kazakhstan / Kyrgyzstan
70%
F27Federated States of Micronesia
66%
R18Republic of the Congo
66%
H8Honduras
65%
J7Jamaica
64%
A17Antigua and Barbuda
59%
U18United Arab Emirates
58%
S27Saint Vincent and the Grenadines
51%
V11Vatican City
50%
T17Trinidad and Tobago
49%
L13Liechtenstein
46%
C22Central African Republic
44%
P14Papua New Guinea
44%
B20Bosnia and Herzegovina
39%
M15Marshall Islands
39%
N14North Macedonia
36%
E16Equatorial Guinea
35%
G12Guinea-Bissau
31%
I10Ivory Coast
23%

Score Distribution

Percentile by Number Answered

Percent of People with Each Score

Your Score History

You have not taken this quiz since the last reset